[Event "Ä17Ï"]
[Site "Loo"]
[Date "2017.04.28"]
[Round "9.15"]
[White "Îñòàøåâà, Àíàñòàñèÿ."]
[Black "Ñàáåòèàí, Ìîäæàâåðè Àëèíà."]
[Result "0-1"]
[WhiteElo "1391"]
[BlackElo "1563"]
[PlyCount "86"]
[EventDate "2017.04.20"]

1. e4 d6 2. d4 Nf6 3. Nc3 g6 4. Nf3 Bg7 5. Be2 O-O 6. O-O c6 7. Be3 Nbd7 8. h3
e5 9. Qd2 exd4 10. Nxd4 Qe7 11. Bf3 Nc5 12. Bg5 Qe5 13. Bf4 Qe7 14. Rfe1 Ncd7
15. Bh6 Ne5 16. Bxg7 Kxg7 17. Rad1 Rd8 18. Be2 Be6 19. f4 Nc4 20. Qc1 Nb6 21.
f5 Bc4 22. Qf4 Qe5 23. Qe3 Bxe2 24. Rxe2 Nc4 25. Qf2 Qa5 26. fxg6 hxg6 27. Rf1
Qe5 28. Nf3 Qe7 29. e5 Nxe5 30. Ng5 Rh8 31. Qf4 Nh5 32. Qe3 f6 33. Nf3 Ng3 34.
Ref2 Nxf1 35. Rxf1 Nxf3+ 36. Qxf3 Rhe8 37. Qg4 Qe6 38. Qb4 b5 39. Rd1 Rad8 40.
Qa5 Qe3+ 41. Kh1 Rd7 42. Qa6 Qg3 43. Qxc6 Rde7 0-1

[Event "Ä17Ï"]
[Site "Loo"]
[Date "2017.04.28"]
[Round "9.16"]
[White "Êàíåâñêàÿ, Àíàñòàñèÿ."]
[Black "Åôèìîâà, Òóÿðà."]
[Result "1-0"]
[WhiteElo "1353"]
[BlackElo "1525"]
[PlyCount "57"]
[EventDate "2017.04.20"]

1. e4 e5 2. Nf3 Nc6 3. d4 exd4 4. Nxd4 Bc5 5. Be3 Qf6 6. c3 Nge7 7. Be2 O-O 8.
O-O d5 9. Nb5 Bxe3 10. Nxc7 Rb8 11. Nxd5 Nxd5 12. exd5 Bb6 13. dxc6 Qxc6 14.
Bf3 Qg6 15. Nd2 Rd8 16. Qe2 Bf5 17. Rfe1 Bd3 18. Qe7 Ba6 19. b3 Qc2 20. Ne4 Re8
21. Qh4 Re6 22. Rac1 Qd3 23. c4 Qd4 24. Red1 Qe5 25. Qg3 Rbe8 26. Qxe5 Rxe5 27.
Nd6 Rb8 28. b4 Rd8 29. b5 1-0

[Event "Ä17Ï"]
[Site "Loo"]
[Date "2017.04.28"]
[Round "9.17"]
[White "Ñîëîâüåâà, Ìàðèÿ."]
[Black "×óëî÷íèêîâà, Îëüãà."]
[Result "0-1"]
[WhiteElo "1477"]
[BlackElo "1318"]
[PlyCount "118"]
[EventDate "2017.04.20"]

1. e4 c6 2. Nf3 d5 3. exd5 cxd5 4. d4 Bf5 5. Bb5+ Nc6 6. Bd3 Bxd3 7. Qxd3 e6 8.
Bf4 Bd6 9. Bg3 Nge7 10. Nc3 a6 11. a3 Ng6 12. Rd1 Qc7 13. Qe3 O-O 14. Na4 Qa5+
15. Nc3 Rad8 16. Bxd6 Rxd6 17. O-O Rdd8 18. Ra1 Nce7 19. b4 Qc7 20. Rfc1 Nf5
21. Qd2 Qf4 22. Qxf4 Nxf4 23. g3 Rc8 24. gxf4 Rxc3 25. Kg2 Rfc8 26. Ra2 R3c4
27. Rb2 Nxd4 28. Nxd4 Rxd4 29. Kg3 Rc3+ 30. f3 Rxa3 31. b5 g6 32. bxa6 bxa6 33.
h4 Raa4 34. Kg4 Rxf4+ 35. Kg3 Rxh4 36. Rb8+ Kg7 37. Rcb1 Rhc4 38. R1b2 Rc3 39.
Ra8 Raa3 40. Rb6 Rxf3+ 41. Kg2 Rfc3 42. Rbxa6 Rxa6 43. Rxa6 Rxc2+ 44. Kf3 Kf6
45. Ra7 h5 46. Kg3 d4 47. Kf4 g5+ 48. Ke4 Rd2 49. Ra8 h4 50. Rh8 Rd1 51. Rd8 h3
52. Rh8 g4 53. Rh4 Kg5 54. Rh7 f5+ 55. Ke5 Kg6 56. Rh4 d3 57. Kf4 Re1 58. Rh8
d2 59. Rg8+ Kf7 0-1

[Event "Ä19"]
[Site "Loo"]
[Date "2017.04.28"]
[Round "9.1"]
[White "Ïîòàïîâà, Ìàðãàðèòà."]
[Black "Äðîãîâîç, Èðèíà."]
[Result "1/2-1/2"]
[WhiteElo "2096"]
[BlackElo "2286"]
[PlyCount "42"]
[EventDate "2017.04.20"]

1. d4 Nf6 2. Nf3 g6 3. Bg5 d5 4. e3 Bg7 5. Nbd2 O-O 6. Be2 c5 7. c3 b6 8. O-O
Bb7 9. a4 Re8 10. a5 Nbd7 11. b4 e5 12. a6 Bc8 13. Bb5 e4 14. Bc6 Rb8 15. Ne1
cxb4 16. cxb4 b5 17. Nc2 Kh8 18. Ne1 Kg8 19. Nc2 Kh8 20. Ne1 Kg8 21. Nc2 Kh8
1/2-1/2

[Event "Ä19"]
[Site "Loo"]
[Date "2017.04.28"]
[Round "9.2"]
[White "Êîð÷àãèíà, Àëåíà."]
[Black "Ìàðòûíþê, Åëèçàâåòà."]
[Result "1-0"]
[WhiteElo "2119"]
[BlackElo "2165"]
[PlyCount "73"]
[EventDate "2017.04.20"]

1. Nf3 d5 2. d4 Nf6 3. c4 c6 4. Nc3 dxc4 5. e3 Bf5 6. Bxc4 e6 7. O-O Bb4 8. Qe2
Bg6 9. Ne5 O-O 10. Nxg6 hxg6 11. Rd1 Qe7 12. e4 e5 13. d5 Nbd7 14. Bg5 Nb6 15.
Bb3 a5 16. a4 Bc5 17. Qf3 Bd4 18. Ne2 cxd5 19. Nxd4 exd4 20. exd5 Qb4 21. Bd2
Qe7 22. Bf4 Qb4 23. Be5 Rfe8 24. Bxd4 Ne4 25. Bxb6 Qxb6 26. d6 Nf6 27. Rac1
Rad8 28. g3 Rd7 29. Rd3 Qb4 30. Rc7 Red8 31. Rdc3 b5 32. axb5 Qxb5 33. Rxd7
Rxd7 34. Qa8+ Kh7 35. Rc8 Kh6 36. Rh8+ Kg5 37. Qf3 1-0

[Event "Ä19"]
[Site "Loo"]
[Date "2017.04.28"]
[Round "9.3"]
[White "Ëûñåíêî, Ìàðãàðèòà."]
[Black "Èëüèíà, Íàòàëüÿ."]
[Result "1/2-1/2"]
[WhiteElo "2193"]
[BlackElo "2072"]
[PlyCount "151"]
[EventDate "2017.04.20"]

1. d4 Nf6 2. Bf4 e6 3. e3 c5 4. Nd2 b6 5. Ngf3 Bb7 6. Bd3 cxd4 7. exd4 Be7 8.
c3 d6 9. Qe2 O-O 10. O-O Nbd7 11. Rfe1 Re8 12. Bg3 a6 13. Rad1 Nf8 14. Ng5 Nd5
15. Nh3 Ng6 16. f4 Nh4 17. Bxh4 Bxh4 18. Rf1 Bf6 19. Ne4 Be7 20. Neg5 g6 21.
Qf2 Bf8 22. Rde1 Bg7 23. Qg3 b5 24. Nxf7 Kxf7 25. Ng5+ Kg8 26. Qh3 Nf6 27. Nxe6
Bc8 28. f5 Bxe6 29. fxe6 d5 30. Re3 Ra7 31. Rfe1 Qd6 32. a3 Qf4 33. g3 Qd6 34.
Bc2 a5 35. Bd3 b4 36. axb4 axb4 37. Qg2 Rae7 38. Qe2 Rc8 39. Ba6 Ra8 40. Bd3
bxc3 41. bxc3 Bh6 42. Re5 Qc7 43. c4 dxc4 44. Bxc4 Qd6 45. Rd1 Bg7 46. Qf3 Rd8
47. Rc5 Rf8 48. Rc6 Qb8 49. d5 Ne8 50. Qd3 Nd6 51. Qa3 Be5 52. Re1 Bd4+ 53. Kh1
Rd8 54. Qd3 Bf6 55. Rf1 Nxc4 56. Qxc4 Be5 57. Rd1 Bd6 58. Qc2 Rc7 59. Qc4 Re7
60. Qc2 Qb5 61. Rc8 Rxc8 62. Qxc8+ Re8 63. Qc2 Qb7 64. Qe4 Rf8 65. Qe2 Rf5 66.
Qe4 Kf8 67. Qd3 Ke7 68. Qd4 Ke8 69. Qh8+ Rf8 70. Qd4 Qb5 71. Qa1 Rf5 72. Qh8+
Rf8 73. Qa1 Rf5 74. Qh8+ Rf8 75. Qa1 Rf5 76. Qh8+ 1/2-1/2

[Event "Ä19"]
[Site "Loo"]
[Date "2017.04.28"]
[Round "9.4"]
[White "Òèøîâà, Ñâåòëàíà."]
[Black "Øàêèðîâà, Ðåíàòà."]
[Result "0-1"]
[WhiteElo "2177"]
[BlackElo "2064"]
[PlyCount "106"]
[EventDate "2017.04.20"]

1. d4 Nf6 2. c4 e6 3. g3 Be7 4. Bg2 O-O 5. e4 d5 6. e5 Ne8 7. cxd5 exd5 8. Nc3
c6 9. f4 Be6 10. Nge2 Nc7 11. O-O Qc8 12. Be3 Rd8 13. Rf2 g6 14. Qf1 Bf5 15. h3
h5 16. Kh2 Kg7 17. Rc1 Nd7 18. Nd1 Nb6 19. Bd2 Na6 20. Ne3 Nb4 21. Bxb4 Bxb4
22. a3 Be7 23. Bf3 Nc4 24. Nxf5+ Qxf5 25. g4 hxg4 26. hxg4 Rh8+ 27. Kg1 Qd7 28.
f5 Bh4 29. f6+ Kg8 30. Nf4 Ne3 31. Qe2 Bxf2+ 32. Kxf2 Rh2+ 33. Ng2 Nxg2 34.
Bxg2 Kh7 35. Kg3 Rh6 36. g5 Rh5 37. Bf3 Qh3+ 38. Kf2 Qh2+ 39. Ke3 Qg3 40. Qg2
Qxg2 41. Bxg2 Rxg5 42. Bf3 Rh8 43. Kf4 Rf5+ 44. Ke3 g5 45. Be2 Kg8 46. Bg4 Rf4
47. Rg1 Kf8 48. Bc8 Re4+ 49. Kd3 g4 50. Rxg4 Rh3+ 51. Kc2 Re2+ 52. Kb1 Rhh2 53.
b4 Re1# 0-1

[Event "Ä19"]
[Site "Loo"]
[Date "2017.04.28"]
[Round "9.5"]
[White "Àðóòþíîâà, Àñÿ."]
[Black "Ìèëîâàíîâà, Ìàðèÿ."]
[Result "1-0"]
[WhiteElo "2125"]
[BlackElo "1981"]
[PlyCount "89"]
[EventDate "2017.04.20"]

1. Nf3 c5 2. c4 Nc6 3. d4 cxd4 4. Nxd4 Nf6 5. g3 e5 6. Nc2 d5 7. cxd5 Nxd5 8.
Bg2 Be6 9. O-O Bc5 10. b3 O-O 11. Bb2 f6 12. Nd2 Rf7 13. Ne4 Bf8 14. Qd3 Rd7
15. Qf3 f5 16. Nd2 e4 17. Qh5 Nf6 18. Bxf6 Qxf6 19. Nc4 g6 20. Qh3 Rad8 21. g4
Bg7 22. Rac1 b5 23. N4a3 a6 24. Ne3 Ne5 25. f3 f4 26. fxe4 Qg5 27. Nf5 gxf5 28.
gxf5 Bf7 29. Kh1 Ng4 30. Bf3 Ne3 31. f6 Qxf6 32. Rg1 Rd1 33. e5 Qxe5 34. Rcxd1
Rxd1 35. Qc8+ Qe8 36. Qxa6 Rxg1+ 37. Kxg1 Qd8 38. Qa8 Qxa8 39. Bxa8 b4 40. Nb5
Bd5 41. Bxd5+ Nxd5 42. Kf2 Kf7 43. a3 bxa3 44. Nxa3 Kg6 45. Kf3 1-0

[Event "Ä19"]
[Site "Loo"]
[Date "2017.04.28"]
[Round "9.6"]
[White "Ãîðîâåíêî, Äàðüÿ."]
[Black "Ìàìîíòîâà, Àíàñòàñèÿ."]
[Result "0-1"]
[WhiteElo "2122"]
[BlackElo "1948"]
[PlyCount "184"]
[EventDate "2017.04.20"]

1. Nf3 Nf6 2. c4 e6 3. a3 b6 4. d4 Bb7 5. g3 Be7 6. Bg2 O-O 7. O-O d6 8. b4
Nbd7 9. Bb2 c5 10. Nbd2 cxd4 11. Nxd4 Bxg2 12. Kxg2 Qc7 13. Rc1 Qb7+ 14. N2f3
Rac8 15. Nb5 Ne4 16. Qd3 Rfd8 17. Rfd1 Ne5 18. Nxe5 dxe5 19. Qf3 Rxd1 20. Rxd1
Rxc4 21. Bxe5 f6 22. Ba1 f5 23. Nc3 Qc6 24. Nxe4 Rxe4 25. Kg1 a5 26. bxa5 bxa5
27. Qd3 Kf7 28. Qd2 Qb5 29. Qc3 e5 30. e3 Qa4 31. Rd3 Bf6 32. Qb3+ Qxb3 33.
Rxb3 Ra4 34. Bb2 Be7 35. Kf1 g6 36. Ke1 e4 37. Kd2 Rc4 38. Rb5 Ra4 39. Rb3 Rc4
40. Bc3 a4 41. Rb7 Ke6 42. Bb2 h5 43. Rb6+ Bd6 44. Ra6 Kd5 45. Ra8 h4 46. Rg8
hxg3 47. hxg3 Rc6 48. Ra8 Rc4 49. Ke1 Be7 50. Ra5+ Ke6 51. Ra6+ Bd6 52. Ra8 Kf7
53. Rh8 g5 54. Rh6 Be7 55. Kd2 Rc8 56. Ra6 Rc4 57. Bc3 f4 58. Bb2 fxg3 59. fxg3
Bd8 60. g4 Be7 61. Kd1 Bf8 62. Rf6+ Ke8 63. Re6+ Kd7 64. Rg6 Rc5 65. Ra6 Rc4
66. Ra5 Be7 67. Rd5+ Kc6 68. Re5 Kd6 69. Ra5 Kc6 70. Kd2 Bd8 71. Re5 Kd6 72.
Bd4 Kd7 73. Rxe4 Be7 74. Kd3 Rc1 75. Bb2 Rb1 76. Kc2 Re1 77. Kd2 Rg1 78. Rxa4
Rg2+ 79. Kc1 Bc5 80. Re4 Kc6 81. a4 Kd5 82. Re5+ Kc4 83. a5 Bb4 84. a6 Kb3 85.
Rd5 Rc2+ 86. Kd1 Rxb2 87. Rxg5 Ra2 88. Rg6 Kc4 89. a7 Kd3 90. Rc6 Rxa7 91. e4
Bc3 92. Rd6+ Bd4 0-1

[Event "Ä19"]
[Site "Loo"]
[Date "2017.04.28"]
[Round "9.7"]
[White "Øàïàðü, Òàòüÿíà."]
[Black "Áîðèñîâà, Åêàòåðèíà."]
[Result "1/2-1/2"]
[WhiteElo "1950"]
[BlackElo "2078"]
[PlyCount "151"]
[EventDate "2017.04.20"]

1. e4 c5 2. Nf3 d6 3. d4 Nf6 4. dxc5 Qa5+ 5. Nfd2 Qxc5 6. c4 b5 7. Nc3 Ng4 8.
Qe2 bxc4 9. Nxc4 Nc6 10. Be3 Nxe3 11. Qxe3 Qxe3+ 12. Nxe3 Rb8 13. Bb5 Bd7 14.
O-O e6 15. Rfd1 Ne5 16. a4 g5 17. Rd2 Rb6 18. Rc1 Be7 19. Bxd7+ Kxd7 20. Nb5 a6
21. Rc7+ Kd8 22. Rdc2 Bf6 23. Rc8+ Ke7 24. R2c7+ Nd7 25. Nc4 Rxc8 26. Rxc8 axb5
27. Nxb6 Nxb6 28. Rc7+ Nd7 29. a5 Kd8 30. Rb7 Bxb2 31. a6 Bd4 32. a7 Bxa7 33.
Rxa7 Nc5 34. f3 b4 35. Ra5 Kc7 36. Rb5 b3 37. Kf1 Kc6 38. Rb4 f5 39. Ke2 fxe4
40. fxe4 b2 41. Rxb2 Nxe4 42. Rb8 Kd5 43. Rh8 Nf6 44. h3 h5 45. g4 hxg4 46.
hxg4 Nxg4 47. Rg8 e5 48. Rxg5 Nf6 49. Ke3 Ke6 50. Rg1 d5 51. Ra1 Nh5 52. Ra6+
Kf5 53. Rd6 Nf4 54. Rd8 Ng2+ 55. Kf3 Nf4 56. Rf8+ Kg5 57. Rd8 Kg6 58. Re8 Kf6
59. Rf8+ Kg5 60. Rd8 e4+ 61. Ke3 Kf5 62. Rf8+ Ke5 63. Re8+ Ne6 64. Re7 d4+ 65.
Kd2 Kd5 66. Re8 Ng5 67. Rd8+ Ke5 68. Ke2 Ne6 69. Re8 e3 70. Re7 Kd6 71. Re8
Nf4+ 72. Kf3 Nd5 73. Ke4 Ne7 74. Rd8+ Ke6 75. Rxd4 e2 76. Kf3 1/2-1/2

[Event "Ä19"]
[Site "Loo"]
[Date "2017.04.28"]
[Round "9.8"]
[White "Ìàòþêîâà, Óëüÿíà."]
[Black "Àëåêñååâà, Þëèÿ."]
[Result "0-1"]
[WhiteElo "1984"]
[BlackElo "1850"]
[PlyCount "76"]
[EventDate "2017.04.20"]

1. d4 Nf6 2. c4 g6 3. Nc3 Bg7 4. e4 d6 5. f3 O-O 6. Be3 c5 7. d5 e6 8. Qd2 exd5
9. cxd5 a6 10. a4 Qa5 11. Ra3 Re8 12. Nge2 Nbd7 13. Ng3 Ne5 14. h3 Qb4 15. a5
b5 16. axb6 Qxb6 17. f4 Ned7 18. Bd3 Rb8 19. Ra2 h5 20. O-O Qb4 21. Rf2 h4 22.
Nf1 Nb6 23. f5 Nxe4 24. Nxe4 Rxe4 25. Bxe4 Qxe4 26. fxg6 Qxg6 27. Rf4 Bxh3 28.
Rxh4 Bf5 29. b4 Bd3 30. bxc5 dxc5 31. Bxc5 Nxd5 32. Bd4 Rb1 33. Bxg7 Rxf1+ 34.
Kh2 Kxg7 35. Raa4 Nf6 36. Qb2 Rf5 37. Rag4 Rg5 38. Qb8 Nxg4+ 0-1

[Event "Ä19"]
[Site "Loo"]
[Date "2017.04.28"]
[Round "9.9"]
[White "Ñàôèþëëèíà, Äèíàðà."]
[Black "Äîëãàåâà, Åâãåíèÿ."]
[Result "0-1"]
[WhiteElo "1839"]
[BlackElo "1946"]
[PlyCount "68"]
[EventDate "2017.04.20"]

1. e4 c5 2. Nf3 Nc6 3. Bb5 e6 4. O-O Nge7 5. Re1 a6 6. Bf1 d6 7. c3 b5 8. d4
cxd4 9. cxd4 d5 10. e5 Nf5 11. a3 Qb6 12. Be3 Be7 13. Bd3 Nxe3 14. Rxe3 Bd7 15.
Bc2 g6 16. b3 O-O 17. h4 f6 18. h5 f5 19. Rd3 g5 20. h6 g4 21. Nh2 Kh8 22. Qd2
Rg8 23. f4 Nxd4 24. Kf1 Nxc2 25. Qxc2 Rac8 26. Rc3 Rxc3 27. Nxc3 Rc8 28. Qb2
Qd4 29. Nd1 Qxf4+ 30. Kg1 Qxh6 31. b4 Rc4 32. Nf1 Bd8 33. Ng3 Bb6+ 34. Nf2 Bd4
0-1

[Event "Ä19"]
[Site "Loo"]
[Date "2017.04.28"]
[Round "9.10"]
[White "Ïðîòîïîïîâà, Àíàñòàñèÿ."]
[Black "Êîïîâàÿ, Àëåêñàíäðà."]
[Result "1/2-1/2"]
[WhiteElo "2266"]
[BlackElo "1958"]
[PlyCount "132"]
[EventDate "2017.04.20"]

1. d4 Nf6 2. Nf3 d5 3. c4 e6 4. g3 Be7 5. Bg2 O-O 6. O-O Nbd7 7. Nbd2 b6 8. Ne5
Bb7 9. cxd5 exd5 10. Ndc4 Rb8 11. Nxd7 Nxd7 12. Ne3 Nf6 13. Nf5 Re8 14. Bf4 Nh5
15. Bd2 Nf6 16. Rc1 Ne4 17. Bf4 Nd6 18. Ne3 c6 19. h4 Ra8 20. Ng4 Ne4 21. Ne5
c5 22. Qa4 Bd6 23. Rfe1 f6 24. Nd3 c4 25. Bxd6 Qxd6 26. Nf4 Bc6 27. Qc2 Bd7 28.
e3 Rac8 29. Kh2 g5 30. Nh3 gxh4 31. Nf4 hxg3+ 32. fxg3 Bg4 33. Rh1 f5 34. Bxe4
Rxe4 35. Qf2 Rce8 36. Rce1 b5 37. Kg1 R4e7 38. Qd2 b4 39. Kf2 a5 40. Qc2 Rc7
41. Qa4 Rc6 42. Rc1 Rd8 43. Rhe1 Qc7 44. Qb5 Qd6 45. Rh1 Rb6 46. Qa4 Rc6 47.
Rc2 Rcc8 48. Rcc1 Rc6 49. Nd3 Rcc8 50. Nf4 Rc6 51. Rh4 c3 52. bxc3 Rxc3 53.
Rxc3 bxc3 54. Qxa5 c2 55. Qc3 Bd1 56. Ke1 Qd7 57. Nd3 Rc8 58. Nc5 Qb5 59. Rh2
Qb1 60. Kd2 Qxa2 61. Rh5 Rb8 62. Rg5+ Kh8 63. Nb7 Qb1 64. Qc7 Qb4+ 65. Kc1 Qb1+
66. Kd2 Qb4+ 1/2-1/2

[Event "Ä19"]
[Site "Loo"]
[Date "2017.04.28"]
[Round "9.11"]
[White "Ìàðòûíîâà, Àíàñòàñèÿ."]
[Black "Ñåðåãèíà, Ìàðèÿ."]
[Result "1-0"]
[WhiteElo "1987"]
[BlackElo "1804"]
[PlyCount "53"]
[EventDate "2017.04.20"]

1. e4 c6 2. d3 d5 3. Nf3 dxe4 4. dxe4 Qxd1+ 5. Kxd1 Nf6 6. Bd3 e6 7. Ke2 Nbd7
8. Be3 Nc5 9. Nbd2 Nxd3 10. cxd3 c5 11. h3 b6 12. a4 Ba6 13. Rhc1 Rd8 14. Ne5
Rd6 15. a5 Nd7 16. Ndc4 Bxc4 17. Nxc4 Rc6 18. axb6 axb6 19. Ra8+ Ke7 20. Ra7
Kd8 21. b4 Rc7 22. Ra6 cxb4 23. Ra8+ Rc8 24. Rxc8+ Kxc8 25. Nxb6+ Kd8 26. Rc8+
Ke7 27. Rc7 1-0

[Event "Ä19"]
[Site "Loo"]
[Date "2017.04.28"]
[Round "9.12"]
[White "Ñàòàåâà, Ëàíà."]
[Black "Òèìàêîâà, Ìàðèÿ."]
[Result "0-1"]
[WhiteElo "1802"]
[BlackElo "1828"]
[PlyCount "74"]
[EventDate "2017.04.20"]

1. e4 d6 2. d4 Nf6 3. Nc3 e5 4. dxe5 dxe5 5. Qxd8+ Kxd8 6. Bg5 Be6 7. O-O-O+
Nbd7 8. Nf3 Kc8 9. Bd3 c6 10. Rhe1 Kc7 11. h3 b5 12. a4 b4 13. Nb1 b3 14. cxb3
Bxb3 15. Bc2 Be6 16. Nc3 Bd6 17. Re2 Rhb8 18. Be3 Ne8 19. Ne1 f6 20. Nd3 a5 21.
f4 Rb7 22. fxe5 fxe5 23. Bd2 Nc5 24. Nxc5 Bxc5 25. Be3 Bf8 26. Red2 Nd6 27. Bd3
Be7 28. g4 Nf7 29. Bb1 Rab8 30. Ba2 Bxa2 31. Nxa2 Nd6 32. Nc3 Nc4 33. Rd7+ Kc8
34. Ba7 Bg5+ 35. Kb1 Rxd7 36. Bxb8 Rxd1+ 37. Nxd1 Kxb8 0-1

[Event "Ä19"]
[Site "Loo"]
[Date "2017.04.28"]
[Round "9.13"]
[White "Ìóõèíà, ßíà."]
[Black "Äåì÷åíêî, Àëèñà."]
[Result "1-0"]
[WhiteElo "2004"]
[BlackElo "1876"]
[PlyCount "63"]
[EventDate "2017.04.20"]

1. e4 c6 2. d4 d5 3. Nc3 dxe4 4. Nxe4 Bf5 5. Ng3 Bg6 6. h4 h6 7. Nf3 Nd7 8. h5
Bh7 9. Bd3 Bxd3 10. Qxd3 e6 11. Bd2 Ngf6 12. O-O-O Qc7 13. Ne4 O-O-O 14. g3 Nc5
15. Nxc5 Bxc5 16. Rh4 Bd6 17. c4 c5 18. Qe2 Kb8 19. Bc3 Rhe8 20. dxc5 Qxc5 21.
b4 Qc8 22. Rxd6 Rxd6 23. Be5 Red8 24. Rd4 Ne8 25. Qd3 Qc6 26. c5 Kc8 27. Bxd6
Rxd6 28. Rxd6 Nxd6 29. Ne5 Qh1+ 30. Kc2 Qe4 31. cxd6 Qxe5 32. Qc4+ 1-0

[Event "Ä19"]
[Site "Loo"]
[Date "2017.04.28"]
[Round "9.14"]
[White "Ìóõòàðîâà, Àíàñòàñèÿ."]
[Black "Òóêàåâà, Àäåëÿ."]
[Result "0-1"]
[WhiteElo "1859"]
[BlackElo "1970"]
[PlyCount "72"]
[EventDate "2017.04.20"]

1. c4 e5 2. Nc3 Nf6 3. Nf3 Nc6 4. e3 Bb4 5. Qc2 Bxc3 6. bxc3 e4 7. Nd4 Ne5 8.
Be2 d6 9. d3 exd3 10. Bxd3 Nxd3+ 11. Qxd3 O-O 12. O-O Qe7 13. Ba3 b6 14. Rfe1
Ng4 15. f4 Qh4 16. Nf3 Qf2+ 17. Kh1 Qxe1+ 18. Nxe1 Nf2+ 19. Kg1 Nxd3 20. Nxd3
Re8 21. Re1 Re4 22. Nb4 Rxc4 23. Bb2 Bf5 24. a3 a5 25. Na2 b5 26. Re2 Bb1 27.
Nc1 b4 28. cxb4 axb4 29. axb4 Rxb4 30. Kf2 Rab8 31. Bc3 Rc4 32. Bb2 h6 33. Ba3
Rc3 34. Bb2 Rxb2 35. Rxb2 Rxc1 36. Rb8+ Kh7 0-1

[Event "Ä19"]
[Site "Loo"]
[Date "2017.04.28"]
[Round "9.15"]
[White "Êàçàê, Íàòàëüÿ."]
[Black "×èñòÿêîâà, Äàðüÿ."]
[Result "0-1"]
[WhiteElo "1769"]
[BlackElo "1893"]
[PlyCount "74"]
[EventDate "2017.04.20"]

1. d4 Nf6 2. c4 g6 3. Nc3 Bg7 4. e4 d6 5. Nf3 O-O 6. Be2 e5 7. dxe5 dxe5 8.
Qxd8 Rxd8 9. Bg5 Re8 10. Rd1 c6 11. b4 Na6 12. a3 Nc7 13. O-O Ne6 14. Bc1 Nh5
15. c5 Nd4 16. Nd2 Nf4 17. Bc4 b6 18. cxb6 axb6 19. b5 Bb7 20. g3 cxb5 21. Nxb5
Nfe2+ 22. Bxe2 Nxe2+ 23. Kg2 Nxc1 24. Rxc1 Red8 25. Rc2 Bh6 26. f4 exf4 27.
gxf4 f5 28. Kg1 fxe4 29. Re1 Ra5 30. Nc7 e3 31. Nc4 Be4 32. Rcc1 Bxf4 33. Ne6
Rd2 34. Nxd2 exd2 35. Nxf4 dxc1=Q 36. Rxc1 Rxa3 37. Kf2 Rf3+ 0-1

[Event "Ä19"]
[Site "Loo"]
[Date "2017.04.28"]
[Round "9.16"]
[White "Êèñåëåâà, Åêàòåðèíà."]
[Black "Ãðåõí¸âà, ßíà."]
[Result "1-0"]
[WhiteElo "1808"]
[BlackElo "1881"]
[PlyCount "77"]
[EventDate "2017.04.20"]

1. e4 c5 2. Nf3 Nc6 3. d4 cxd4 4. Nxd4 Nf6 5. Nc3 e5 6. Ndb5 d6 7. Bg5 a6 8.
Na3 b5 9. Nd5 Be7 10. Bxf6 Bxf6 11. c3 O-O 12. Be2 Bg5 13. Nc2 Kh8 14. Nce3 g6
15. O-O f5 16. Bf3 Bb7 17. Qc2 Rc8 18. Qb1 Ne7 19. exf5 Nxf5 20. Nxf5 gxf5 21.
Qd1 e4 22. Be2 Rg8 23. f3 Bxd5 24. Qxd5 Be3+ 25. Kh1 Rc5 26. Qd1 Rg6 27. fxe4
fxe4 28. Rf7 Rh6 29. h3 Rf6 30. Qb3 Rcf5 31. Rxf6 Qxf6 32. c4 Bd4 33. cxb5 Rf2
34. Qc4 axb5 35. Qxb5 Be5 36. Rc1 e3 37. Qe8+ Kg7 38. Rc7+ Kh6 39. Qh5# 1-0

[Event "Ä19"]
[Site "Loo"]
[Date "2017.04.28"]
[Round "9.17"]
[White "Ïåðôèëîâà, Ìàðèÿ."]
[Black "Þðêèíà, Àíàñòàñèÿ."]
[Result "1-0"]
[WhiteElo "1895"]
[BlackElo "1812"]
[PlyCount "53"]
[EventDate "2017.04.20"]

1. e4 c5 2. Nf3 e6 3. d4 cxd4 4. Nxd4 a6 5. Bd3 Qc7 6. O-O Nc6 7. Nxc6 bxc6 8.
Qe2 e5 9. f4 d6 10. Nd2 Nf6 11. Nc4 Be7 12. fxe5 dxe5 13. Qf2 O-O 14. Qg3 Bd6
15. Rxf6 Bc5+ 16. Kh1 Kh8 17. Rf3 Bd6 18. Bd2 f5 19. Nxd6 Qxd6 20. Bc3 f4 21.
Qg5 Qf6 22. Qxe5 Qxe5 23. Bxe5 Be6 24. Rxf4 Kg8 25. Rxf8+ Rxf8 26. Bxa6 Rf2 27.
Bd3 1-0

[Event "Ä19"]
[Site "Loo"]
[Date "2017.04.28"]
[Round "9.18"]
[White "Äîðîôååâà, Íúóðãóéààíà."]
[Black "Þðîâñêèõ, ßñìèí."]
[Result "1-0"]
[WhiteElo "1778"]
[BlackElo "1880"]
[PlyCount "59"]
[EventDate "2017.04.20"]

1. Nf3 d5 2. d4 e6 3. Bf4 Nf6 4. e3 c5 5. c3 Nc6 6. Nbd2 Bd6 7. Ne5 Bxe5 8.
dxe5 Nd7 9. Qg4 g6 10. Nf3 Qc7 11. Be2 O-O 12. Qh4 f6 13. exf6 e5 14. Bg5 Qd6
15. Rd1 e4 16. Bf4 Qxf6 17. Ng5 Rf7 18. Rxd5 Nb6 19. Rd6 Qe7 20. O-O Rg7 21.
Rfd1 Bf5 22. g4 Bd7 23. Bb5 Rf8 24. a4 a5 25. R6d2 Rc8 26. Bd6 Qf6 27. Bxc5 Ne5
28. Bxb6 Qxb6 29. Bxd7 Rb8 30. Be6+ 1-0

[Event "Ä19"]
[Site "Loo"]
[Date "2017.04.28"]
[Round "9.19"]
[White "Àëåêñååâà, Àíãåëèíà."]
[Black "Áî÷àðîâà, Óëüÿíà."]
[Result "0-1"]
[WhiteElo "1714"]
[BlackElo "1852"]
[PlyCount "72"]
[EventDate "2017.04.20"]

1. d4 d5 2. Nf3 f5 3. c4 e6 4. Bf4 Nf6 5. h3 Bd6 6. Be5 c6 7. Qc2 Qe7 8. e3 Ne4
9. cxd5 exd5 10. a3 Nd7 11. Bxd6 Qxd6 12. Nc3 O-O 13. Be2 Ndf6 14. b4 a6 15.
Ne5 Nxc3 16. Qxc3 Ne4 17. Qc2 f4 18. Bf3 fxe3 19. fxe3 Qh6 20. Ke2 Ng3+ 21. Kd2
Nxh1 22. Rxh1 Bf5 23. Qb3 Qe6 24. Rc1 Rae8 25. a4 Be4 26. Re1 Bxf3 27. Nxf3 Qg6
28. Re2 h6 29. b5 axb5 30. axb5 Qd6 31. b6 Ra8 32. Re1 Ra3 33. Qb1 Rfa8 34. Ke2
Ra2+ 35. Nd2 Qg3 36. Rg1 R8a3 0-1

[Event "Ì15Â"]
[Site "Loo"]
[Date "2017.04.28"]
[Round "9.1"]
[White "Íåñòåðîâ, Àðñåíèé."]
[Black "Êàâûåâ, Ðóñëàí."]
[Result "1-0"]
[WhiteElo "2324"]
[BlackElo "2242"]
[PlyCount "49"]
[EventDate "2017.04.20"]

1. d4 Nf6 2. c4 g6 3. Nc3 d5 4. e3 Bg7 5. cxd5 Nxd5 6. Nxd5 Qxd5 7. Ne2 O-O 8.
Nc3 Qd8 9. Be2 c5 10. d5 e6 11. e4 exd5 12. exd5 b6 13. O-O Bb7 14. Bf3 Nd7 15.
d6 Bxf3 16. Qxf3 Ne5 17. Qd5 Qd7 18. Bg5 Rfe8 19. Rad1 h6 20. Be7 Nc6 21. Rfe1
Rac8 22. h3 Bd4 23. Ne4 Nxe7 24. Nf6+ Kg7 25. Qe5 1-0

[Event "Ì15Â"]
[Site "Loo"]
[Date "2017.04.28"]
[Round "9.2"]
[White "Ïîãîñÿí, Ñòåôàí."]
[Black "Øóáèí, Êèðèëë."]
[Result "1/2-1/2"]
[WhiteElo "2387"]
[BlackElo "2287"]
[PlyCount "41"]
[EventDate "2017.04.20"]

1. d4 Nf6 2. c4 e6 3. Nc3 Bb4 4. Qc2 d6 5. Nf3 Nbd7 6. a3 Bxc3+ 7. Qxc3 b6 8.
g3 Bb7 9. Bg2 O-O 10. O-O a5 11. b3 Qe7 12. Bb2 Be4 13. Rfe1 a4 14. b4 b5 15.
cxb5 Nh5 16. Qc1 f5 17. Bf1 f4 18. Nd2 Bg6 19. e4 Qf7 20. Kh1 Nhf6 21. e5 {
äàëåå çàïèñü íåðàçáîð~~èâà} 1/2-1/2

[Event "Ì15Â"]
[Site "Loo"]
[Date "2017.04.28"]
[Round "9.3"]
[White "Àâàëÿí, Àðòóð."]
[Black "Öîé, Äìèòðèé."]
[Result "1/2-1/2"]
[WhiteElo "2163"]
[BlackElo "2305"]
[PlyCount "98"]
[EventDate "2017.04.20"]

1. d4 Nf6 2. c4 e6 3. Nc3 Bb4 4. e3 O-O 5. Nge2 c6 6. a3 Ba5 7. Ng3 d5 8. cxd5
Nxd5 9. Bd2 c5 10. Nxd5 Bxd2+ 11. Qxd2 Qxd5 12. dxc5 Qxc5 13. Rc1 Qb6 14. Bd3
Bd7 15. O-O Bc6 16. Rfd1 Nd7 17. Be4 Nc5 18. Bc2 Rad8 19. Qc3 Na4 20. Bxa4 Bxa4
21. Rxd8 Rxd8 22. h3 Qc6 23. Ne2 Qxc3 24. Nxc3 Bc6 25. b4 f5 26. b5 Be8 27. Ne2
Bxb5 28. Nd4 Ba4 29. Rc4 e5 30. Rxa4 exd4 31. exd4 a6 32. Rb4 Rd7 33. Kf1 Kf7
34. Ke2 b5 35. Kd3 Ke6 36. Rb2 Kd6 37. Re2 Rd8 38. Re5 g6 39. a4 Rg8 40. axb5
axb5 41. Kc3 Rc8+ 42. Kd3 b4 43. Rb5 Rc3+ 44. Kd2 Rb3 45. Kc2 Ra3 46. Rxb4 Kd5
47. Rb2 Kxd4 48. Kd2 Kd5 49. Ke2 h5 1/2-1/2

[Event "Ì15Â"]
[Site "Loo"]
[Date "2017.04.28"]
[Round "9.4"]
[White "Ìóõóòäèíîâ, Òèãðàí."]
[Black "Öûáèêîâ, Òóìýí."]
[Result "1/2-1/2"]
[WhiteElo "2136"]
[BlackElo "2152"]
[PlyCount "81"]
[EventDate "2017.04.20"]

1. e4 g6 2. d4 Bg7 3. Nc3 c6 4. f4 d5 5. e5 Nh6 6. Be3 O-O 7. Qd2 Ng4 8. Nf3
Nxe3 9. Qxe3 f6 10. O-O-O Bg4 11. Be2 e6 12. Kb1 c5 13. dxc5 Nc6 14. Nd4 Nxd4
15. Bxg4 fxe5 16. fxe5 Nf5 17. Qe2 Qc7 18. Nb5 Qxc5 19. c3 Qb6 20. Nd4 Nxd4 21.
cxd4 Rf4 22. Rhf1 Re4 23. Qf3 h5 24. Qf7+ Kh7 25. Bxh5 gxh5 26. Qxh5+ Kg8 27.
Qf7+ Kh7 28. Rd3 Rh4 29. Rg3 Rg8 30. Qg6+ Kh8 31. Rf4 Rh7 32. Rh3 Rxh3 33. gxh3
Rf8 34. Rh4+ Kg8 35. Qh7+ Kf7 36. Rg4 Ke8 37. Qh5+ Kd8 38. Qg5+ Ke8 39. Qh5+
Kd8 40. Qg5+ Ke8 41. Qh5+ 1/2-1/2

[Event "Ì15Â"]
[Site "Loo"]
[Date "2017.04.28"]
[Round "9.5"]
[White "Åðèöÿí, Àðàì."]
[Black "Çåìíèöêèé, Àëåêñàíäð."]
[Result "1/2-1/2"]
[WhiteElo "2372"]
[BlackElo "2010"]
[PlyCount "82"]
[EventDate "2017.04.20"]

1. e4 e5 2. Bc4 Nf6 3. d3 Nc6 4. Nc3 Bc5 5. f4 d6 6. Nf3 Bg4 7. Na4 Bb6 8. Nxb6
axb6 9. c3 O-O 10. O-O exf4 11. Bxf4 Ne5 12. Bxe5 dxe5 13. Qe1 Qd6 14. Kh1 Be6
15. Bxe6 Qxe6 16. Ng5 Qe7 17. Qe2 h6 18. Nf3 c5 19. a4 Rfd8 20. b3 Rd7 21. Nd2
Rad8 22. Rf3 Nh5 23. g3 Qe6 24. Nc4 g6 25. Raf1 Kg7 26. Qc2 Kg8 27. Qd2 Kg7 28.
g4 Nf4 29. Nxe5 Qxe5 30. Rxf4 f6 31. Rxf6 Qxf6 32. Rxf6 Kxf6 33. Qxh6 Rxd3 34.
g5+ Ke5 35. Qg7+ Kf4 36. Qf6+ Kg4 37. Qe6+ Kf3 38. Qf6+ Kg4 39. Qe6+ Kf3 40.
Qf6+ Kg4 41. Qe6+ Kf3 1/2-1/2